Giáo trình phương pháp dạy học các môn học về tự nhiên và xã hội Dành cho sinh viên ngành giáo dục tiểu học
Trình bày những vấn đề chung về lí luận dạy học các môn học về tự nhiên và xã hội. Hướng dẫn dạy học các chủ đề và các phần trong các môn học về tự nhiên xã hội, môn khoa học, môn lịch sử và địa lí
Spremljeno u:
| Daljnji autori: | , , , , |
|---|---|
| Format: | Knjiga |
| Jezik: | Vietnamese |
| Izdano: |
H.
Đại học Sư phạm
2014
|
| Izdanje: | In lần thứ 9 |
| Teme: | |
| Oznake: |
Dodaj oznaku
Bez oznaka, Budi prvi tko označuje ovaj zapis!
|
| Thư viện lưu trữ: | Mạng thư viện Đại học Đà Nẵng |
|---|
| LEADER | 02019aam a22004698a 4500 | ||
|---|---|---|---|
| 001 | 000023241 | ||
| 003 | 19691 | ||
| 005 | 20150605140645.0 | ||
| 008 | 150605s2014 viesd | ||
| 020 | |c 50000đ |d 1525b | ||
| 041 | 0 | |a vie | |
| 082 | 1 | 4 | |2 14 |a 372.3 |b Gia |
| 245 | 0 | 0 | |a Giáo trình phương pháp dạy học các môn học về tự nhiên và xã hội |b Dành cho sinh viên ngành giáo dục tiểu học |c Nguyễn Thị Thấn (ch.b.), Nguyễn Thượng Giao, Đào Thị Hồng... |
| 250 | |a In lần thứ 9 | ||
| 260 | |a H. |b Đại học Sư phạm |c 2014 | ||
| 300 | |a 271 tr. |b minh hoạ |c 24 cm. | ||
| 504 | |a Thư mục: tr. 270-271 | ||
| 520 | |a Trình bày những vấn đề chung về lí luận dạy học các môn học về tự nhiên và xã hội. Hướng dẫn dạy học các chủ đề và các phần trong các môn học về tự nhiên xã hội, môn khoa học, môn lịch sử và địa lí | ||
| 650 | 0 | 4 | |2 Bộ TK TVQG |a Khoa học tự nhiên |v Giáo trình |x Giáo dục tiểu học |
| 650 | 0 | 4 | |a Khoa học xã hội |v Giáo trình |x Giáo dục tiểu học |
| 650 | 7 | |2 Bộ TK TVQG | |
| 650 | 7 | |2 Bộ TK TVQG | |
| 650 | 7 | |2 Bộ TK TVQG | |
| 653 | |a Phương pháp dạy học | ||
| 653 | |a Tự nhiên và xã hội | ||
| 653 | |a Giáo dục tiểu học | ||
| 655 | 7 | |2 Bộ TK TVQG |a Giáo trình | |
| 700 | 1 | |a Nguyễn Thượng Giao | |
| 700 | 1 | |a Nguyễn Thị Thấn |e ch.b. | |
| 700 | 1 | |a Nguyễn Tuyết Nga | |
| 700 | 1 | |a Nguyễn Thị Hường | |
| 700 | 1 | |a Đào Thị Hồng | |
| OWN | |a LSP | ||
| AVA | |a UDN50 |b LSP |d 372.3 Gia |e check_holdings |t Error 5003 Not defined in file expand_doc_bib_avail. |h N |k 1 | ||
| 999 | |a From the UDN01 | ||
| AVA | |a UDN50 |b LSP |d 372.3 Gia |e available |t Error 5001 Not defined in file expand_doc_bib_avail. |f 15 |g 2 |h N |i 83 |k 1 | ||
| TYP | |a Monograph | ||
| TYP | |a Printed language | ||
| 980 | |a Mạng thư viện Đại học Đà Nẵng | ||